000 00528nam a2200181 a 4500
001 000042363
005 20201002040115.0
008 131127s1974 sp 000 0 spa d
020 _a8433401483
040 _aDO-SdBNP
_bspa
_cBNPHU
082 _axxx
_bM235a
100 1 _aMakarov, Alexander
_969438
245 1 0 _aAntología de la poesía sovietica /
_cAlexander Makarov.
260 _aMadrid :
_bBiblioteca Jucar,
_c1974.
300 _a265 p. ;
_c18 cm.
490 1 _aBiblioteca Jucar
_v9
830 0 _aBiblioteca Jucar
_n9
_969439
999 _c41852
_d41852